Strojnické tabulky Část 1 pro SPŠ strojnické

Bibliographic Details
Main Author: Kříž, Rudolf (Author)
Format: Book
Language:Undetermined
PhysicalDescription:176 s.
Published: Praha Státní nakladatelství technické literatury 1978

MARC

LEADER 00000nam a2200000 a 4500
001 vtls001265726
003 SK-MaSNL
005 20260301195323.0
008 240315s1978 xx 0 und
035 |a SNK000216660 
040 |a SNK  |b slo  |c SNK  |e AACR2 
100 1 |a Kříž, Rudolf  |4 aut  |9 45070 
245 1 |a Strojnické tabulky  |b Část 1 pro SPŠ strojnické 
260 |a Praha  |b Státní nakladatelství technické literatury  |c 1978 
300 |a 176 s. 
958 |a OND 
999 |c 885049  |d 886979 
952 |a SNK  |b SNK  |y VYP  |7 0  |p 17A0469510  |o snkIC 73843/1 D1/príl.  |i snkKIP 7660/78  |0 0  |1 1  |4 0  |d 2005-05-19  |l 0  |r 2026-02-24 06:27:57  |w 2026-02-24 
952 |t P60, <04>, [BOOK], {604}  |a SNK  |b SNK  |y VYP  |7 0  |p 17A0021448  |o snkIC 73843/1 D1  |i snkKIP 7660/78  |0 0  |1 1  |4 0  |d 1996-11-09  |l 0  |r 2005-01-01 00:00:00  |w 2026-02-24 
952 |t P60, <04>, [BOOK], {604}  |a SNK  |b SNK  |y VYP  |7 0  |p 17A0114784  |o snkIC 73843/1  |0 0  |1 0  |4 0  |d 1997-12-15  |l 0  |r 2005-01-01 00:00:00  |w 2026-02-24